000 00447nam a22001697a 4500
003 MPLRDC
005 20220104123747.0
008 210129b ||||| |||| 00| 0 eng d
082 _a414.76 WRA-2
100 _a汪刃庵编撰; 严苍山增辑
245 _a汤头歌诀正续集
_c
250 _a一版四刷
260 _a
_b上海科学技术出版社
_c1959
300 _b
650 _a中医成药--汤药
942 _cBK
_o414.76 WRA-2
999 _c13974
_d13964